000 00683cam a22001935a 4500
001 L156263
008 120509s1849 xxk f 000 0 eng d
035 _a(Sirsi) u156263
041 0 _aeng
100 1 _aDean, G. A.
_q(George Alfred)
_d1813 or 14-1898
245 0 0 _aEssays on the construction of farm buildings and labourers' cottages
260 _aStratford, [England]
_aLondon
_bS. Morris
_bSimpkin, Marshall
_c1849
300 _a32, 14, xiv p., 16 leaves of plates (some folded)
_bill., plans
_c4o
583 0 _aCondition reviewed
_c20120620
_lcondition level 3
651 4 _aGreat Britain
_y1707-
690 _aResidential property
_96266
690 _aRural
_96268
942 _n0
999 _c114136
_d114136